| 000 | 00500 a2200133 4500 | ||
|---|---|---|---|
| 001 | ART_24041 | ||
| 005 | 20260410161933.0 | ||
| 008 | 260409a | ||
| 245 | 1 | 0 | _aComplementariedades de conocimiento, estrategias de conectividad e innovación en firmas industriales argentinas |
| 100 | 1 | _aBarletta, María Florencia | |
| 700 | 1 | _aRobert, Verónica | |
| 700 | 1 | _aYoguel, Gabriel | |
| 773 | 0 |
_tRevista de Economía Política de Buenos Aires _g- Año 6, Nº 11 (mayo 2012) _wREV23982 |
|
| 999 |
_c28809 _d28809 |
||